| 000 | 00421nam a22001817a 4500 | ||
|---|---|---|---|
| 999 |
_c11783 _d11783 |
||
| 003 | OSt | ||
| 008 | 230130b ||||| |||| 00| 0 eng d | ||
| 020 | _a9788131518861 | ||
| 082 | _a658.84 HEG | ||
| 100 | _aGILLESPIE,Kate | ||
| 245 | _aGlobal Marketing | ||
| 250 | _a3rd Ed | ||
| 260 |
_aNew Delhi _bCangage _c2012 |
||
| 300 | _a514 | ||
| 650 | _aGlobal Marketing | ||
| 700 | _aDAVID HENNESSEY,H | ||
| 942 |
_2ddc _cREF |
||